00546nam a2200181Ia 450000500170000000800410001704000190005804100120007708200160008910000200010524500440012525000510016926000430022030000160026350400500027965000240032985000110035320240412152043.0131103s9999 xx 000 0 und d aLoreto College aEnglish a301.1 bOTT aOttaway, A.K.C. aEducation and Societyb cA.K.C.Ottaway aan introduction to the sociology of education  aLondonbRoutledge and Kegan Paulc1966 axiv,232 p.  aIncludes bibliographical references and index aEducation - society aLCBED